01474nam a22004217i 4500001001000000003000900010005001700019007000300036008004100039017000900080020001500089020000600104035000600110040003400116041001100150080000600161082002600167100003100193240008300224245012400307250001300431264003500444300004600479336002800525337003500553338003000588490000600618490005800624590002600682650001800708650005700726650004000783700003100823910004100854942001200895952013000907999001501037 02020465DO-SdBPM20251118093744.0ta050428s2005 sp a | |||| 000 0 spa  a b  a8434891093 a  a  aDO-SdBPMbspacBPMSUe rdad 1 aspah  a  4a741.5bP639c 20052221 aPilkey, Davd1966-eautor 10aCaptain Underpants and the big, bad Battle of the Bionic Booger Boylespañol13aEl Capitán Calzoncillos y la furia de la supermujer macroelástica /cDav Pilkey ; traducción de Miguel Azaola h  a6a. ed.  aMadrid :bEdiciones SM, c2005 a176 páginas : bilustraciones ;c19 cm atextobtxt2rdacontent  asin mediación bn2rdamedia  avolumen bnc2rdacarrier 0 v 0 aEl barco de vapor ;a El Capitán Calzoncillos, v 6 aInventariado, 2025/VM 7aCaricaturas.  7aTiras cómicas, historietas, etc. zEstados Unidos  7aHumorismo gráfico estadounidense 1 aAzola, Miguel etraductor  aVMateo V. Control de calidad. BPMSU  2ddccBK 00102ddc708CI-GaBPMETbBPMETd2016-04-20eFUNDIl0oBPMSU CGI 741.5 P639c 2005pBPMSU16040588r2016-04-20w2016-04-20yBK c9862d9862